[Event "Oberliga 1994/95"]
[Site "masterchessopen.com Hessen (Germany)"]
[Round "0"]
[White "Zimmermann Stefan (GER)"]
[Black "Schreiber Kurt (GER)"]
[Result "0-1"]
[WhiteElo "2179"]
[BlackElo "2102"]

1.d4 Nf6 2.c4 g6 3.Nc3 Bg7 4.e4 d6 5.Be2 O-O 6.Bg5 h6 7.Be3 Nbd7 8.g4 c5 9.d5
a6 10.a4 Qa5 11.Qd2 b5 12.cxb5 axb5 13.Nxb5 Nxe4 14.Qxa5 Rxa5 15.f3 Nef6
16.Bd2 Ra8 17.Nc3 Bb7 18.Bb5 Nb6 19.Nge2 Nbxd5 20.Kf2 Nb4 21.Rab1 Nfd5 22.Rhe1
Nc7 23.Nc1 Nxb5 24.Nxb5 Bf6 25.Bxb4 cxb4 26.b3 Bh4+ {#R} 0-1

[Event "Ch Ireland"]
[Site "masterchessopen.com Ireland"]
[Round "0"]
[White "Byrne Robert E (USA)"]
[Black "Cafolla Peter (IRL)"]
[Result "0-1"]
[WhiteElo "2435"]
[BlackElo "2060"]

1.d4 Nf6 2.c4 g6 3.Nc3 Bg7 4.e4 d6 5.Be2 O-O 6.Bg5 h6 7.Be3 c6 8.Qd2 Kh7 9.h4
e5 10.d5 Nxe4 11.Nxe4 f5 12.h5 f4 13.hxg6+ Kg8 14.dxc6 bxc6 15.Rd1 fxe3
16.Qxe3 Qa5+ 17.Kf1 d5 18.cxd5 cxd5 19.Nf3 Ba6 20.Nc3 d4 21.Qe4 dxc3 22.Bc4+
Bxc4+ 23.Qxc4+ Kh8 24.Qe4 Qa6+ 25.Kg1 Qc6 26.Qg4 c2 27.Rc1 Nd7 28.Ng5 Qxg6
29.Qxd7 Qxg5 30.Rxc2 Rad8 31.Qh3 Rd1+ 32.Kh2 Qf4+ 33.g3 Rxh1+ 34.Kxh1 Qe4+
{#R} 0-1

[Event "It (cat.11)"]
[Site "masterchessopen.com Lazne Bohdanec (Czech Republic)"]
[Round "0"]
[White "David Pavel (CZE)"]
[Black "Howell James C (ENG)"]
[Result "0-1"]
[WhiteElo "2440"]
[BlackElo "2525"]

1.c4 g6 2.e4 Bg7 3.d4 d6 4.Nc3 Nf6 5.Be2 O-O 6.Bg5 h6 7.Be3 Nbd7 8.Qd2 c5 9.d5
Kh7 10.h3 b5 11.cxb5 a6 12.a4 Qa5 13.Ra3 Qb4 14.f3 Nh5 15.Kf2 f5 16.f4 fxe4
17.Bxh5 gxh5 18.Nge2 Ne5 19.Qc2 Nd3+ 20.Kg3 Qxb2 21.Ra2 Qxc2 22.Rxc2 axb5
23.axb5 Bb7 24.Rd1 Ra3 25.Kh4 Nb4 26.Rcc1 Na2 27.Bd2 Nxc1 28.Rxc1 Kg6 {#R} 0-1

[Event "Ch Slovenia (w)"]
[Site "masterchessopen.com Ljubljana (Slovenia)"]
[Round "0"]
[White "Krmelj Natasa (SLO)"]
[Black "Vospernik Mira (SLO)"]
[Result "1-0"]
[WhiteElo "2075"]
[BlackElo "2028"]

1.d4 Nf6 2.c4 g6 3.Nc3 Bg7 4.e4 d6 5.Be2 O-O 6.Bg5 h6 7.Be3 c6 8.h4 h5 9.Nh3
e5 10.d5 cxd5 11.cxd5 b6 12.Ng5 Ba6 13.f3 Nh7 14.Bxa6 Nxa6 15.Kf2 Nxg5 16.hxg5
f5 17.gxf6 Qxf6 18.Qd2 Nc5 19.b4 Nb7 20.a4 Rfc8 21.Rhc1 Rc4 22.Rab1 Rf8 23.Kg1
Rfc8 24.Nb5 a6 25.Na7 Rxc1+ 26.Rxc1 Ra8 27.Bxb6 a5 28.Rc7 Nd8 29.b5 Nf7 30.Be3
h4 31.b6 h3 32.b7 Rf8 33.Rc8 Qh4 34.Rxf8+ Bxf8 35.b8=Q Qg3 36.Qf2 {#r} 1-0

[Event "VL2 1995/96"]
[Site "masterchessopen.com NRW (Germany)"]
[Round "0"]
[White "Doering Thomas (GER)"]
[Black "Meyer Oliver (GER)"]
[Result "1-0"]
[WhiteElo "2205"]
[BlackElo "2097"]

1.d4 Nf6 2.c4 g6 3.Nc3 Bg7 4.e4 d6 5.Be2 O-O 6.Bg5 h6 7.Be3 c5 8.e5 Nfd7
9.exd6 exd6 10.Nf3 Nc6 11.O-O a6 12.Qd2 Kh7 13.Rad1 Re8 14.Rfe1 b6 15.dxc5
dxc5 16.Qd5 Qf6 17.Ne4 Rxe4 18.Qxe4 Nf8 19.Ne5 Bb7 20.Nxc6 Bxc6 21.Qf4 Qxf4
22.Bxf4 Ne6 23.Bc1 Nd4 24.Bd3 Rd8 25.Kf1 b5 26.b3 Bf6 27.Bb2 b4 28.Be4 Bxe4
29.Rxe4 Rd7 30.Bxd4 Bxd4 31.Ke2 a5 32.Rdxd4 cxd4 33.Kd3 a4 34.Rxd4 Ra7 35.c5
axb3 36.axb3 Ra2 37.c6 Ra6 38.c7 Ra8 39.Rd8 {#r} 1-0

[Event "Ch Moravia (open)"]
[Site "masterchessopen.com Prerov (Czech Republic)"]
[Round "7"]
[White "Cvek Robert (CZE)"]
[Black "Babula Milan (CZE)"]
[Result "0-1"]
[WhiteElo "2285"]
[BlackElo "2295"]

1.d4 Nf6 2.c4 g6 3.Nc3 Bg7 4.e4 d6 5.Be2 O-O 6.Bg5 h6 7.Be3 Nc6 8.Qd2 Kh7 9.h4
e5 10.d5 Nd4 11.O-O-O c5 12.dxc6 bxc6 13.h5 g5 14.Nf3 c5 15.Bxg5 Nxf3 16.Bxf6
Bxf6 17.Qxd6 Bg5+ 18.Kb1 Nd2+ 19.Rxd2 Bxd2 20.Qxe5 Qg5 21.Qxg5 Bxg5 {#R} 0-1

[Event "Ch Slovenia (team)"]
[Site "masterchessopen.com Skofja Loka (Slovenia)"]
[Round "3"]
[White "Krmelj Natasa (SLO)"]
[Black "Praznik Anton (SLO)"]
[Result "1-0"]
[WhiteElo "2075"]
[BlackElo "2270"]

1.d4 Nf6 2.c4 g6 3.Nc3 Bg7 4.e4 d6 5.Be2 O-O 6.Bg5 h6 7.Be3 c6 8.h4 h5 9.Nh3
Ng4 10.Bxg4 Bxg4 11.f3 Bxh3 12.Rxh3 Nd7 13.Qd2 Kh7 14.O-O-O Nf6 15.Kb1 Qc8
16.Rg1 Rh8 17.Rhh1 Kg8 18.g3 a6 19.Bg5 Qc7 20.Rg2 e5 21.dxe5 dxe5 22.Rd1 Rc8
23.Qd6 Qxd6 24.Rxd6 Ne8 25.Rd7 b5 26.Rgd2 Nc7 27.Ne2 Ne6 28.Be3 c5 29.R2d6
bxc4 30.Rxa6 Nd4 31.Bxd4 cxd4 32.Raa7 Kh7 33.Rxf7 Rhg8 34.Rac7 Kh8 35.Rxg7
{#r} 1-0

[Event "It \"]
[Site "masterchessopen.com Syracuse (USA)"]
[Round "1"]
[White "Palatnik Semon (USA)"]
[Black "Paschall William M (USA)"]
[Result "1-0"]
[WhiteElo "2475"]
[BlackElo "2330"]

1.d4 Nf6 2.c4 g6 3.Nc3 Bg7 4.e4 d6 5.Be2 O-O 6.Bg5 h6 7.Be3 c5 8.e5 dxe5
9.dxe5 Nfd7 10.f4 Nc6 11.Nf3 f6 12.Nh4 fxe5 13.Nxg6 Rf6 14.Nxe5 Rd6 15.Qc2
Ndxe5 16.fxe5 Nd4 17.Bxd4 Rxd4 18.O-O Rd2 19.Qg6 Qd4+ 20.Kh1 Rxe2 21.Nxe2 Qxe5
22.Nc3 {#r} 1-0

[Event "It (open) (juniors)"]
[Site "masterchessopen.com Yalta (Ukraine)"]
[Round "0"]
[White "Shast Vladimir (UKR)"]
[Black "Shilin Denis (UKR)"]
[Result "0-1"]
[WhiteElo "2259"]
[BlackElo "2349"]

1.c4 Nf6 2.d4 g6 3.Nc3 Bg7 4.e4 O-O 5.Be2 d6 6.Bg5 h6 7.Be3 Nc6 8.Qd2 Kh7 9.h4
e5 10.d5 Nd4 11.Bxd4 exd4 12.Qxd4 Re8 13.Qd3 c6 14.O-O-O cxd5 15.exd5 Bf5
16.Qd2 Ne4 17.Nxe4 Rxe4 18.f3 Rd4 19.Qb4 a5 20.Qb3 a4 21.Qb4 a3 22.Rxd4 Bxd4
23.b3 Qf6 24.g4 Be3+ 25.Kd1 Qa1# 0-1

[Event "Ch World (seniors)"]
[Site "masterchessopen.com Bad Liebenzell (Germany)"]
[Round "4"]
[White "Schober Manfred (GER)"]
[Black "Schampel Arno (GER)"]
[Result "1-0"]
[WhiteElo "1927"]
[BlackElo "1924"]

1.d4 Nf6 2.c4 g6 3.Nc3 Bg7 4.e4 d6 5.Be2 O-O 6.Bg5 h6 7.Be3 e5 8.d5 a6 9.Qd2
Kh7 10.f3 Nh5 11.O-O-O Nd7 12.Nh3 f5 13.exf5 gxf5 14.g4 Nf4 15.Nxf4 exf4
16.Bxf4 Ne5 17.g5 hxg5 18.Bxg5 Bf6 19.h4 Rg8 20.f4 Nf7 21.Bd3 Rg6 22.Qc2 Qd7
23.Ne4 Bh8 24.Ng3 Nh6 25.Rde1 Qg7 26.Nh5 Qf8 27.Re7+ Bg7 28.Rhe1 Ng8 29.Re8
Qf7 30.Ng3 Be5 31.Rxc8 Bxb2+ 32.Kxb2 Rxc8 33.Bxf5 Rf8 34.h5 Qg7+ 35.Kb3 Nh6
36.hxg6+ {#r} 1-0

[Event "Oberliga Baden 1995/96"]
[Site "masterchessopen.com Baden-Wuerttemberg (Germany)"]
[Round "0"]
[White "Witke Thomas (GER)"]
[Black "Leyrer Achim (GER)"]
[Result "0-1"]
[WhiteElo "2276"]
[BlackElo "2254"]

1.d4 Nf6 2.c4 g6 3.Nc3 Bg7 4.e4 d6 5.Be2 O-O 6.Bg5 h6 7.Bf4 Nbd7 8.Qd2 c5 9.d5
Kh7 10.g4 b5 11.cxb5 a6 12.h4 axb5 13.h5 g5 14.Bxg5 b4 15.Nd1 Nxe4 16.Bd3 f5
17.Bxe4 fxe4 18.Bxh6 Bxh6 19.g5 Ne5 20.gxh6 Nd3+ 21.Kf1 Ba6 22.Kg2 Nf4+ 23.Kh2
e5 24.Qe3 Qh4+ 25.Nh3 Rg8 26.Re1 Rg2+ 27.Kh1 Nxh3 28.Qxe4+ Qxe4 29.Rxe4 Rg1+
30.Kh2 Rag8 31.Ne3 Rxa1 {#R} 0-1

[Event "Cup European Club"]
[Site "masterchessopen.com Berlin (Germany)"]
[Round "0"]
[White "Sjoberg Mats (SWE)"]
[Black "Williams Leighton (WLS)"]
[Result "1-0"]
[WhiteElo "2430"]
[BlackElo "2135"]

1.d4 Nf6 2.c4 g6 3.Nc3 Bg7 4.e4 d6 5.Be2 O-O 6.Bg5 h6 7.Be3 e5 8.d5 Nbd7 9.Qd2
Nc5 10.f3 Nh5 11.O-O-O Kh7 12.g3 a5 13.Re1 b6 14.Bd1 Ba6 15.b3 c6 16.dxc6 Qc7
17.Nge2 Qxc6 18.a4 Nf6 19.Bc2 Rfc8 20.Kb1 Ng8 21.g4 Ne7 22.h4 Qd7 23.h5 g5
24.Rd1 Rd8 25.Ng3 Bc8 26.Nb5 Nc6 27.Qxd6 Bf8 28.Qc7 Qxc7 29.Nxc7 Rb8 30.Rd5
Be6 31.Rhd1 Kg8 32.Rxd8 Rxd8 33.Rxd8 Nxd8 34.Na8 Nd7 35.Nxb6 {#r} 1-0

[Event "Ch World (juniors) (under 18)"]
[Site "masterchessopen.com Cala Galdana (Spain)"]
[Round "3"]
[White "Dao Thien Hai (VIE)"]
[Black "Gallardo Eduardo (CHI)"]
[Result "1-0"]
[WhiteElo "2535"]
[BlackElo "2107"]

1.d4 Nf6 2.c4 g6 3.Nc3 Bg7 4.e4 d6 5.Be2 O-O 6.Bg5 h6 7.Be3 e5 8.d5 a5 9.Qd2
Kh7 10.f3 Na6 11.g4 Nd7 12.h4 Ndc5 13.Nh3 Qe7 14.h5 g5 15.O-O Bd7 16.b3 b6
17.Rfb1 Ra7 18.Nf2 Rb8 19.Bd1 Qe8 20.a3 Bf8 21.Ra2 f6 22.b4 Nb7 23.Be2 Kg7
24.Rc2 Rc8 25.Qc1 Qd8 26.Qf1 Rca8 27.Nb5 Nb8 28.Nxa7 Rxa7 {#r} 1-0

[Event "Ch Germany (juniors) (team)"]
[Site "masterchessopen.com Germany"]
[Round "0"]
[White "Jordan Raul (GER)"]
[Black "Sieber Stephan (GER)"]
[Result "1-0"]
[WhiteElo "2179"]
[BlackElo "2231"]

1.d4 Nf6 2.c4 g6 3.Nc3 Bg7 4.e4 d6 5.Be2 O-O 6.Bg5 h6 7.Be3 e5 8.d5 a6 9.Qd2
Kh7 10.f3 Ne8 11.g4 c5 12.h4 Nd7 13.Nh3 Nc7 14.a4 Ne8 15.Kf1 Nb6 16.Kg2 Rh8
17.Nf2 Qe7 18.h5 g5 19.a5 Nd7 20.Na4 Rb8 21.b4 cxb4 22.Qxb4 Nef6 23.Rab1 Rd8
24.Rhc1 Bf8 25.c5 dxc5 26.Nxc5 Qe8 27.Nfd3 Nxc5 28.Bxc5 Nd7 29.Bxf8 Qxf8
30.Qxf8 Rxf8 31.Rc7 Kg8 32.Rbc1 Rd8 33.Nb2 Kf8 34.Nc4 b6 35.axb6 Ke7 36.Nxe5
Rxb6 37.Nc6+ {#r} 1-0

[Event "Mecklenburg Landesliga 1996/97"]
[Site "masterchessopen.com Germany"]
[Round "4"]
[White "Beerbaum Dirk (GER)"]
[Black "Grahl Arvid (GER)"]
[Result "0-1"]
[WhiteElo "2098"]
[BlackElo "2212"]

1.d4 Nf6 2.c4 g6 3.Nc3 Bg7 4.e4 d6 5.Be2 O-O 6.Bg5 h6 7.Be3 Nbd7 8.Qd2 Kh7
9.g4 e5 10.d5 Nc5 11.f3 c6 12.Nh3 cxd5 13.cxd5 a5 14.Nf2 Bd7 15.O-O a4 16.Nb5
Bxb5 17.Bxb5 Qb6 18.Be2 Rfc8 19.Rfc1 Nfd7 20.Rc2 Nxe4 21.Nxe4 Rxc2 22.Qxc2
Qxe3+ 23.Kf1 Nb6 24.Qd1 Ra5 25.Rc1 Rxd5 26.Qe1 Rd4 27.Rc7 d5 28.Ng3 Rf4 29.Kg2
Nc4 30.Rd7 e4 31.fxe4 dxe4 32.Qb4 Qf2+ 33.Kh3 Ne3 {#R} 0-1

[Event "It (open)"]
[Site "masterchessopen.com Groningen (Netherlands)"]
[Round "8"]
[White "Bick John D (USA)"]
[Black "Sukharisingh Ralf (GER)"]
[Result "0-1"]
[WhiteElo "2181"]
[BlackElo "2400"]

1.d4 Nf6 2.c4 g6 3.Nc3 Bg7 4.e4 d6 5.Be2 O-O 6.Bg5 h6 7.Be3 e5 8.d5 c6 9.Qd2
h5 10.f3 a6 11.h4 cxd5 12.cxd5 b5 13.Nh3 Nbd7 14.Nf2 Nb6 15.g4 Bd7 16.Bg5 Qc7
17.Bxf6 Bxf6 18.gxh5 Bg7 19.hxg6 fxg6 20.h5 Rf4 21.hxg6 Bf6 22.Rh7 Bh4 23.Nd1
Raf8 24.Ne3 Qd8 25.Ng2 Bg5 26.Nxf4 Bxf4 27.Qa5 Qg5 28.Rh1 Be3 29.Ng4 Bxg4
30.fxg4 Qxg6 31.Rh3 Qxe4 32.Qc3 Nc4 33.Rxe3 Qh1+ {#R} 0-1

[Event "It (open)"]
[Site "masterchessopen.com Haapajarvi (Finland)"]
[Round "5"]
[White "Kauppila Osmo (FIN)"]
[Black "Nivala Tuomas (FIN)"]
[Result "0-1"]
[WhiteElo "2293"]
[BlackElo "2204"]

1.d4 Nf6 2.c4 g6 3.Nc3 Bg7 4.e4 d6 5.Be2 O-O 6.Bg5 h6 7.Be3 c6 8.Qd2 Kh7 9.h4
b5 10.cxb5 cxb5 11.Bxb5 Ba6 12.a4 Qa5 13.Ra3 Ng4 14.Nd5 Qd8 15.h5 g5 16.Bxg5
hxg5 17.Qxg5 Nh6 18.Rg3 Bxd4 19.Nxe7 Bxb5 20.axb5 Nd7 21.Nf3 Bf6 22.Nc6 Qc7
23.Qf4 Rg8 24.Rhh3 a6 25.Nfd4 Bxd4 26.Nxd4 axb5 27.Rg6 Ra1+ 28.Ke2 Qc4+ 29.Kf3
Qd3+ 30.Qe3 Ne5+ 31.Kf4 Qxe3+ 32.Kxe3 fxg6 33.hxg6+ Rxg6 34.f4 Nc4+ {#R} 0-1

[Event "Ch Russia (juniors) (under 16)"]
[Site "masterchessopen.com Kaluga (Russia)"]
[Round "9"]
[White "Gamota Alexander (RUS)"]
[Black "Mozin Alecsandr (RUS)"]
[Result "0-1"]
[WhiteElo "2225"]
[BlackElo "2219"]

1.d4 Nf6 2.c4 g6 3.Nc3 Bg7 4.e4 d6 5.Be2 O-O 6.Bg5 h6 7.Be3 Nbd7 8.Nf3 e5
9.O-O Ng4 10.Bc1 f5 11.exf5 gxf5 12.dxe5 dxe5 13.Qd5+ Kh8 14.Rd1 c6 15.Qd6 e4
16.Nd4 Be5 17.Qg6 Rg8 18.Qxf5 Ndf6 19.Ne6 Qe7 20.Bxg4 Nxg4 21.h3 Bxe6 {#R} 0-1

[Event "Ch Pfalz (open)"]
[Site "masterchessopen.com Landau (Germany)"]
[Round "0"]
[White "Lesic Gordan (SRB)"]
[Black "Guenther Peter (GER)"]
[Result "1-0"]
[WhiteElo "2235"]
[BlackElo "2215"]

1.d4 Nf6 2.c4 g6 3.Nc3 Bg7 4.e4 d6 5.Be2 O-O 6.Bg5 h6 7.Be3 Nbd7 8.Qd2 h5 9.h3
e5 10.d5 Nh7 11.g4 h4 12.Nf3 Ndf6 13.O-O-O a6 14.g5 Nh5 15.Nxh4 Nf4 16.Nf3
Nxg5 17.Nxg5 Qxg5 18.Rdg1 Qh4 19.Bg4 Bh6 20.Kb1 Kh7 21.Bxc8 Raxc8 22.Rg4 Qh5
23.Ne2 f5 24.Ng3 fxg4 25.Nxh5 gxh5 26.hxg4 hxg4 27.Rh4 Rg8 28.Bxf4 exf4
29.Qxf4 Rg6 30.Qf7+ {#r} 1-0

[Event "It (open)"]
[Site "masterchessopen.com Leiner"]
[Round "9"]
[White "Horvath Csaba (HUN)"]
[Black "Gazik Igor (SVK)"]
[Result "0-1"]
[WhiteElo "2530"]
[BlackElo "2360"]

1.d4 Nf6 2.c4 g6 3.Nc3 Bg7 4.e4 d6 5.Be2 O-O 6.Bg5 h6 7.Be3 e5 8.d5 c6 9.Qd2
cxd5 10.cxd5 Nxe4 11.Nxe4 f5 12.Nxd6 Qxd6 13.Bxh6 Nd7 14.Nf3 Nf6 15.Bxg7 Kxg7
16.Rd1 f4 17.Ng5 Bf5 18.Bc4 Ne4 19.Nxe4 Bxe4 20.O-O Bxg2 21.Kxg2 f3+ 22.Kh1
Rf4 23.Be2 Rh4 24.Qg5 Rah8 25.Bxf3 e4 26.Qg3 Rxh2+ 27.Kg1 Qxg3+ 28.fxg3 exf3
{#R} 0-1

[Event "It (open)"]
[Site "masterchessopen.com Mislata (Spain)"]
[Round "4"]
[White "Mancebo Ibanez Fernando (ESP)"]
[Black "Sanchez Guirado Francisco (ESP)"]
[Result "0-1"]
[WhiteElo "2260"]
[BlackElo "2360"]

1.d4 g6 2.e4 Bg7 3.c4 d6 4.Nc3 Nf6 5.Be2 O-O 6.Bg5 h6 7.Be3 e5 8.d5 a5 9.Qd2
Kh7 10.Bd1 Na6 11.f3 Nh5 12.Nge2 f5 13.exf5 gxf5 14.f4 Nc5 15.O-O Nf6 16.Bxc5
dxc5 17.fxe5 Ng4 18.e6 Bxe6 19.Nf4 Bd7 20.Bxg4 fxg4 21.Rae1 g3 22.Qd3+ Bf5
23.Qxg3 Rg8 24.Qf3 Qh4 25.Nce2 Raf8 26.Ng3 Bd4+ 27.Kh1 Rg4 28.Ne6 Qxh2+ {#R}
0-1

[Event "It (open)"]
[Site "masterchessopen.com North Bay (Canada)"]
[Round "0"]
[White "Moussa Alaa-Eddine (PLE)"]
[Black "Boudy Julio (CUB)"]
[Result "1-0"]
[WhiteElo "2168"]
[BlackElo "2280"]

1.d4 Nf6 2.c4 g6 3.Nc3 Bg7 4.e4 d6 5.Be2 O-O 6.Bg5 h6 7.Be3 e5 8.d5 a5 9.Qd2
h5 10.f3 Na6 11.h4 Nh7 12.g4 f5 13.gxf5 gxf5 14.O-O-O f4 15.Bf2 Rf6 16.Nh3
Bxh3 17.Rxh3 c5 18.dxc6 bxc6 19.c5 Qc8 20.Rh2 Nxc5 21.Bxc5 dxc5 22.Bc4+ Kh8
23.Rg2 Rf8 24.Qd6 Rd8 25.Qg6 Rxd1+ 26.Nxd1 Qd7 27.Bf7 {#r} 1-0

[Event "It (open)"]
[Site "masterchessopen.com Passau (Germany)"]
[Round "0"]
[White "Kachiani-G Ketino (GER)"]
[Black "Lanka Zigurds (LAT)"]
[Result "1-0"]
[WhiteElo "2415"]
[BlackElo "2545"]

1.d4 Nf6 2.c4 g6 3.Nc3 Bg7 4.e4 d6 5.Be2 O-O 6.Bg5 h6 7.Be3 Nbd7 8.f3 c5 9.d5
Ne5 10.Qd2 h5 11.h4 Bd7 12.Nh3 Qa5 13.Nf2 a6 14.a4 b5 15.cxb5 Qb4 16.O-O axb5
17.axb5 Nc4 18.Bxc4 Qxc4 19.Qd3 Qb3 20.e5 Rxa1 21.Rxa1 Nh7 22.Ra7 Bf5 23.Qd2
Bxe5 24.Rxe7 Bf6 25.Ra7 Bxh4 26.Ra3 Qc2 27.Qxc2 Bxc2 28.Bf4 Re8 29.Nfe4 Bxe4
30.Nxe4 g5 31.Bxd6 f5 32.b6 fxe4 33.fxe4 Nf6 34.b7 Nd7 35.Ra8 Kf7 36.e5 {#r}
1-0

[Event "It (open) \"]
[Site "masterchessopen.com Prague (Czech Republic)"]
[Round "4"]
[White "Dinckel Joerg (GER)"]
[Black "Kartsev Alex (RUS)"]
[Result "0-1"]
[WhiteElo "2025"]
[BlackElo "2146"]

1.d4 Nf6 2.c4 g6 3.Nc3 Bg7 4.e4 d6 5.Be2 O-O 6.Bg5 h6 7.Be3 e5 8.d5 Nbd7 9.Qd2
Kh7 10.h4 Nc5 11.f3 Nh5 12.Bf2 a5 13.g4 Nf4 14.Nh3 f5 15.Nxf4 exf4 16.h5 fxg4
17.hxg6+ Kg8 18.fxg4 f3 19.Bd3 Nxd3+ 20.Qxd3 Bxg4 21.O-O-O h5 22.Kb1 Qe8
23.Bd4 Qxg6 24.Bxg7 Qxg7 25.Rdg1 Qg5 26.Nd1 f2 27.Rf1 Rf3 28.Qd4 Re8 29.Ka1
Qc1# 0-1

[Event "It (open)"]
[Site "masterchessopen.com Reykjavik (Iceland)"]
[Round "1"]
[White "Raetsky Alexander (RUS)"]
[Black "Werner Bernd-Michael (GER)"]
[Result "1-0"]
[WhiteElo "2455"]
[BlackElo "2138"]

1.d4 Nf6 2.c4 g6 3.Nc3 Bg7 4.e4 d6 5.Be2 O-O 6.Bg5 h6 7.Be3 e5 8.d5 Na6 9.h4
Nc5 10.Qc2 a5 11.h5 g5 12.f3 Bd7 13.g4 Qe7 14.Nh3 Ne8 15.Nf2 Na6 16.O-O Bf6
17.a3 Ng7 18.Rab1 Rfb8 19.b4 axb4 20.axb4 b6 21.Nd3 Qf8 22.Ra1 Rb7 23.Ra2 Rba7
24.Rfa1 Qb8 25.Nb5 {#r} 1-0

[Event "It (open) \"]
[Site "masterchessopen.com Spain"]
[Round "4"]
[White "Garzon Rodriguez Jose Manuel (ESP)"]
[Black "Jordan Rafael (ESP)"]
[Result "1-0"]
[WhiteElo "1884"]
[BlackElo "2213"]

1.d4 Nf6 2.c4 g6 3.Nc3 Bg7 4.e4 d6 5.Be2 O-O 6.Bg5 h6 7.Bf4 a5 8.a4 Na6 9.Nf3
Nd7 10.O-O Nb4 11.Qd2 Kh7 12.Rfd1 c5 13.d5 Nf6 14.Ne1 Qc7 15.Bg3 Bg4 16.f4
Bxe2 17.Qxe2 Nh5 18.Nf3 Nxg3 19.hxg3 Rad8 20.e5 Qb8 21.Rd2 f5 22.Re1 Rfe8
23.g4 fxg4 24.Nh4 e6 25.Qxg4 dxe5 26.Qxg6+ Kh8 27.fxe5 Rd7 28.d6 Nc6 29.Qh5
Rg8 30.Ng6+ Kh7 31.Ne4 Qd8 32.Rf2 b6 33.Ref1 Rb7 34.Rf7 {#r} 1-0

[Event "It (open)"]
[Site "masterchessopen.com St. Veit (Austria)"]
[Round "1"]
[White "Werdecker Roland (AUT)"]
[Black "Juergens Klaus (GER)"]
[Result "0-1"]
[WhiteElo "2004"]
[BlackElo "2155"]

1.d4 Nf6 2.c4 g6 3.Nc3 Bg7 4.e4 d6 5.Be2 O-O 6.Bg5 h6 7.Bh4 c5 8.dxc5 Qa5
9.Bxf6 Bxf6 10.Rc1 dxc5 11.Nf3 Rd8 12.Qc2 Nc6 13.O-O Bg4 14.Rfe1 Bxf3 15.Bxf3
Nb4 16.Qe2 Nd3 17.Nd5 Nxc1 18.Rxc1 Bg5 19.Ra1 e6 {#R} 0-1

[Event "It"]
[Site "masterchessopen.com Stary Smokovec (Slovakia)"]
[Round "0"]
[White "Meduna Eduard (CZE)"]
[Black "Mrva Martin (SVK)"]
[Result "1-0"]
[WhiteElo "2450"]
[BlackElo "2410"]

1.d4 Nf6 2.c4 g6 3.Nc3 Bg7 4.e4 d6 5.Be2 O-O 6.Bg5 h6 7.Be3 e5 8.d5 Na6 9.h4
Nc5 10.Qc2 c6 11.h5 cxd5 12.cxd5 Nxh5 13.Bxh5 gxh5 14.Rxh5 f5 15.exf5 e4 16.g4
Qe8 17.Nge2 Nd3+ 18.Kf1 Bd7 19.Bxh6 Qxh5 20.gxh5 Bxh6 21.Nxe4 Bb5 22.Nxd6 Ba6
23.b4 Nxb4 24.Qe4 Bg7 25.Rc1 Bxe2+ 26.Qxe2 Kh8 27.Rc7 Nxd5 28.Rxg7 Kxg7
29.Qg4+ {#r} 1-0

[Event "Ch Canada"]
[Site "masterchessopen.com Toronto (Canada)"]
[Round "8"]
[White "Taylor Gordon (CAN)"]
[Black "Schleifer Michael (CAN)"]
[Result "1-0"]
[WhiteElo "2340"]
[BlackElo "2270"]

1.d4 Nf6 2.c4 g6 3.Nc3 Bg7 4.e4 O-O 5.Be2 d6 6.Bg5 h6 7.Be3 Nc6 8.Qd2 Kh7 9.h4
h5 10.Nf3 a6 11.d5 Nb8 12.Ng5+ Kg8 13.f3 c6 14.O-O-O cxd5 15.cxd5 b5 16.Rdg1
Nbd7 17.g4 b4 18.Nd1 Qa5 19.Kb1 hxg4 20.h5 gxh5 21.fxg4 hxg4 22.Bxg4 Ne5
23.Be2 Bg4 24.Bxg4 Nexg4 25.Bd4 e5 26.dxe6 fxe6 27.Bxf6 Rxf6 28.Rxg4 Rg6
29.Qg2 Qe5 30.Rg1 Qd4 31.Nxe6 Qd3+ 32.Qc2 Qxc2+ 33.Kxc2 Rc8+ 34.Kd3 Rxe6
35.Rxg7+ Kh8 36.Ne3 {#r} 1-0

[Event "It (open)"]
[Site "masterchessopen.com Tuebingen (Germany)"]
[Round "0"]
[White "Schwierskott Marc (GER)"]
[Black "Ableitner Andreas"]
[Result "1-0"]
[WhiteElo "2228"]
[BlackElo "2050"]

1.c4 Nf6 2.Nc3 g6 3.e4 d6 4.d4 Bg7 5.Be2 O-O 6.Bg5 h6 7.Be3 e5 8.d5 a5 9.g4
Ne8 10.Qd2 Kh7 11.h4 f5 12.gxf5 gxf5 13.exf5 Bxf5 14.Bd3 Qd7 15.Nge2 Na6
16.Ng3 Bxd3 17.Qxd3+ Kh8 18.Qd2 Kh7 19.O-O-O Nf6 20.Rdg1 Rf7 21.Qc2+ Kh8
22.Qg6 Ng4 23.Nce4 Nxe3 24.fxe3 Raf8 25.Ng5 hxg5 26.hxg5+ Bh6 27.Qxh6+ {#r}
1-0

[Event "Ch NATO (team)"]
[Site "masterchessopen.com Viborg (Denmark)"]
[Round "6"]
[White "Ludden Gert-Jan (NED)"]
[Black "Picart Laurent (FRA)"]
[Result "1-0"]
[WhiteElo "2262"]
[BlackElo "2112"]

1.d4 Nf6 2.c4 g6 3.Nc3 Bg7 4.e4 d6 5.Be2 O-O 6.Bg5 h6 7.Be3 e5 8.d5 a5 9.g4
Ne8 10.Qd2 Kh7 11.h4 f5 12.exf5 gxf5 13.gxf5 Bxf5 14.Bd3 Qd7 15.Nge2 Na6
16.Ng3 Bxd3 17.Qxd3+ Kh8 18.O-O-O b6 19.Rhg1 Qf7 20.Qd2 Kh7 21.Qe2 Qf3 22.Qxf3
Rxf3 23.Nh5 Rf5 24.Ng3 Rf7 25.Nge4 Nf6 26.Ng5+ hxg5 27.hxg5 Kg8 28.gxf6 Rxf6
29.Ne4 Rf7 30.Ng5 Rd7 31.Ne6 Nc5 32.Bxc5 bxc5 33.Rd3 Ra7 34.Rdg3 {#r} 1-0

[Event "Staatsliga 1996/97"]
[Site "masterchessopen.com Austria"]
[Round "9"]
[White "Hager Franz (AUT)"]
[Black "Gelbmann Norbert (AUT)"]
[Result "1-0"]
[WhiteElo "2224"]
[BlackElo "2218"]

1.d4 Nf6 2.c4 g6 3.Nc3 Bg7 4.e4 d6 5.Be2 O-O 6.Bg5 h6 7.Be3 e5 8.d5 c6 9.Qd2
cxd5 10.cxd5 h5 11.h3 Nh7 12.g4 h4 13.g5 f5 14.gxf6 Bxf6 15.Nf3 Rf7 16.O-O-O
Nd7 17.Rhg1 Ndf8 18.Nh2 Bxh3 19.Ng4 Bxg4 20.Bxg4 Kh8 21.Be6 Re7 22.Bh3 a6
23.Kb1 Qa5 24.Rg2 Rc7 25.Rdg1 Qb4 26.f3 a5 27.Bf5 a4 28.a3 Qb3 29.Bxg6 Nxg6
30.Rxg6 Rac8 31.Qg2 Bg5 32.Bxg5 Rxc3 33.Bf6+ {#r} 1-0

[Event "Ch World (seniors)"]
[Site "masterchessopen.com Bad Wildbad (Germany)"]
[Round "4"]
[White "Schober Manfred (GER)"]
[Black "Bierwisch Bernhard (GER)"]
[Result "1-0"]
[WhiteElo "1927"]
[BlackElo "2193"]

1.d4 Nf6 2.c4 d6 3.Nc3 g6 4.e4 Bg7 5.Be2 O-O 6.Bg5 h6 7.Be3 Nbd7 8.Qd2 Kh7
9.f4 c5 10.d5 a6 11.Nf3 Rb8 12.a4 Ng4 13.Bg1 Qa5 14.h3 Bxc3 15.bxc3 Ngf6
16.Bd3 b5 17.e5 bxc4 18.exf6 cxd3 19.fxe7 Re8 20.Be3 c4 21.O-O Nc5 22.Qf2 Qc7
23.Ng5+ Kg7 24.Bd4+ f6 25.Bxf6+ Kg8 26.Qh4 h5 27.f5 Nd7 28.Ne6 Qa7+ 29.Bd4 Nc5
30.Qf6 {#r} 1-0

[Event "It (open)"]
[Site "masterchessopen.com Boblingen (Germany)"]
[Round "0"]
[White "Farago Ivan (HUN)"]
[Black "Werner Bernd-Michael (GER)"]
[Result "1-0"]
[WhiteElo "2445"]
[BlackElo "2138"]

1.d4 Nf6 2.c4 g6 3.Nc3 Bg7 4.e4 d6 5.Be2 O-O 6.Bg5 h6 7.Be3 e5 8.d5 Na6 9.Qd2
Kh7 10.f3 Ne8 11.h4 f5 12.h5 g5 13.exf5 Bxf5 14.Bd3 Qd7 15.Nge2 Nc5 16.Bxf5+
Qxf5 17.Ng3 Qf7 18.O-O-O a5 19.Bxc5 dxc5 20.Nge4 b6 21.Qc2 Kh8 22.Nb5 Rd8
23.Qb3 Qf4+ 24.Kb1 Qf5 25.Qc2 Rd7 26.d6 c6 27.Nbc3 Bf6 28.Qa4 Rxd6 29.Rxd6
Nxd6 30.Qxc6 Nxc4 31.Ka1 Ne3 32.Qxb6 Nxg2 33.Nd5 Qxf3 34.Ndxf6 Nf4 35.Rb1 Nd3
36.Nd7 {#r} 1-0